| 000 | 00851nam a2200265 a 4500 | ||
|---|---|---|---|
| 001 | 59225 | ||
| 003 | BD-RjUL | ||
| 005 | 20211209080716.0 | ||
| 008 | 161222s1924 enk 000 0 eng | ||
| 035 | _a(BD-RjUL)59349 | ||
| 040 |
_aDLC _cBXM _dBXM _dEQO _dBD-RjUL _beng |
||
| 041 | 1 | _aeng | |
| 082 |
_223 _a297 _bSEI 1924 |
||
| 100 | 1 |
_aServier, Andre. _9176154 |
|
| 245 | 1 | 0 |
_aIslam and the psychology of the Musulman / _cby Andre Servier ; Translated by A. S. Moss-Blundell ; with a preface by Louis Bertrand. |
| 260 |
_aLondon : _bChapman & Hall, _c1924. |
||
| 300 |
_axvi, 271 p. ; _c23 cm. |
||
| 650 | 0 |
_aIslam. _9170798 |
|
| 650 | 0 |
_aCivilization, Arab. _9176155 |
|
| 651 | 0 |
_aIslamic countries _xHistory. _9176156 |
|
| 700 | 1 |
_aMoss-Blundell, A. S. _9176157 |
|
| 740 | 0 | 0 | _aPsychology of the Musulman. |
| 942 |
_2ddc _cBK |
||
| 999 |
_c59225 _d59225 |
||